Schaum’s outline of theory and problems of introductory surveying / (Record no. 111)

MARC details
000 -LEADER
fixed length control field 01525nac a22003611i 4500
003 - CONTROL NUMBER IDENTIFIER
control field EG-ScBUE
005 - DATE AND TIME OF LATEST TRANSACTION
control field 20250219094155.0
008 - FIXED-LENGTH DATA ELEMENTS--GENERAL INFORMATION
fixed length control field 160926s2004 ii a f 001 0 eng d
020 ## - INTERNATIONAL STANDARD BOOK NUMBER
International Standard Book Number 0070588848 (pbk.)
020 ## - INTERNATIONAL STANDARD BOOK NUMBER
International Standard Book Number 9780070588844
040 ## - CATALOGING SOURCE
Original cataloging agency EG-ScBUE
Language of cataloging eng
Description conventions rda
Transcribing agency EG-ScBUE
Modifying agency EG-ScBUE
082 04 - DEWEY DECIMAL CLASSIFICATION NUMBER
Classification number 526.9
Item number WIR
Edition number 22
100 1# - MAIN ENTRY--PERSONAL NAME
Personal name Wirshing, James R.
Relator term author.
245 10 - TITLE STATEMENT
Title Schaum’s outline of theory and problems of introductory surveying /
Statement of responsibility, etc James R. Wirshing, NCO-in-Charge, Drafting Department Vandenberg Air Force Base, Roy H. Wirshing, Registered Professional Engineer.
250 ## - EDITION STATEMENT
Edition statement Tata McGraw-Hill edition.
264 #1 - PUBLICATION, DISTRIBUTION, ETC. (IMPRINT)
Place of publication, distribution, etc New Delhi :
Name of publisher, distributor, etc The McGraw-Hill Publishing Company,
Date of publication, distribution, etc 2004.
300 ## - PHYSICAL DESCRIPTION
Extent 360 pages :
Other physical details illustrations, tables ;
Dimensions 28 cm.
336 ## - CONTENT TYPE
Source rdacontent
Content type term text
Content type code txt
337 ## - MEDIA TYPE
Media type term unmediated
Source rdamedia
Media type code n
338 ## - CARRIER TYPE
Carrier type term volume
Carrier type code nc
Source rdacarrier
490 0# - SERIES STATEMENT
Series statement Schaum's outline series. Schaum's outline series in engineering
500 ## - GENERAL NOTE
General note Cover title : Schaum's outlines introductory surveying.
500 ## - GENERAL NOTE
General note Spine title : Introductory surveying.
500 ## - GENERAL NOTE
General note Includes index.<br/>
650 #7 - SUBJECT ADDED ENTRY--TOPICAL TERM
Topical term or geographic name as entry element Surveying.
Source of heading or term BUEsh
655 ## - INDEX TERM--GENRE/FORM
Form subdivision Reading book
700 1# - ADDED ENTRY--PERSONAL NAME
Personal name Wirshing, Roy H.,
Relator term author.
740 0# - ADDED ENTRY--UNCONTROLLED RELATED/ANALYTICAL TITLE
Uncontrolled related/analytical title Theory and problems of introductory surveying.
740 0# - ADDED ENTRY--UNCONTROLLED RELATED/ANALYTICAL TITLE
Uncontrolled related/analytical title Introductory surveying.
856 42 - ELECTRONIC LOCATION AND ACCESS
Materials specified Publisher description
Uniform Resource Identifier <a href="http://www.loc.gov/catdir/description/mh022/84019427.html">http://www.loc.gov/catdir/description/mh022/84019427.html</a>
856 42 - ELECTRONIC LOCATION AND ACCESS
Materials specified Table of contents
Uniform Resource Identifier <a href="http://www.loc.gov/catdir/toc/mh021/84019427.html">http://www.loc.gov/catdir/toc/mh021/84019427.html</a>
942 ## - ADDED ENTRY ELEMENTS (KOHA)
Koha item type Book - Borrowing
Source of classification or shelving scheme Dewey Decimal Classification
Holdings
Withdrawn status Lost status Source of classification or shelving scheme Damaged status Not for loan Collection code Home library Current library Shelving location Date acquired Source of acquisition Total Checkouts Full call number Barcode Date last seen Date checked out Cost, replacement price Price effective from Koha item type Total Renewals
    Dewey Decimal Classification     Baccah Central Library Central Library First floor 22/12/2005 Purchase 1 526.9 WIR 000004659 15/07/2025 26/05/2010 120.00 22/12/2005 Book - Borrowing  
    Dewey Decimal Classification     Baccah Central Library Central Library First floor 22/12/2005 Purchase 2 526.9 WIR 000004658 15/07/2025 03/05/2012 120.00 22/12/2005 Book - Borrowing 2